LEADER 01072nam0 22002651i 450 001 SUN0033428 005 20100210120000.0 100 $a20050307d1953 |0engc50 ba 101 $aeng 102 $aGB 105 $a|||| ||||| 200 1 $aArt and architecture in France, 1500 to 1700 210 $aMelbourne$cPenguin Books$d1953 215 $aXVII, 312 p., 192 p. di tav.$cill.$d27 cm. 410 1$1001SUN0032544$12001 $aˆThe ‰Pelican history of art$v4$1210 $aLondon$cPenguin. 620 $dMelbourne$3SUNL000489 676 $a709.44$v21 700 1$aBlunt$b, Anthony$3SUNV020489$033585 712 $aPenguin$3SUNV000436$4650 801 $aIT$bSOL$c20181109$gRICA 912 $aSUN0033428 950 $aUFFICIO DI BIBLIOTECA DEL DIPARTIMENTO DI LETTERE E BENI CULTURALI$d07 CONS Kc 256 $e07 15235 995 $aUFFICIO DI BIBLIOTECA DEL DIPARTIMENTO DI LETTERE E BENI CULTURALI$bIT-CE0103$h15235$kCONS Kc 256$oc$qa 996 $aArt and Architecture in France$9608541 997 $aUNICAMPANIA LEADER 00921nam a2200265 i 4500 001 991004047699707536 008 080901s2008 it 000 0 ita d 020 $a9788843046447 020 $a8843046446 035 $ab13791667-39ule_inst 040 $aSet. Economia - SAGA$bita 082 04$a417.7 100 1 $aFusco, Fabiana$0508389 245 10$aChe cos'è l'interlinguistica /$cFabiana Fusco 260 $aRoma :$bCarocci,$c2008 300 $a128 p. 20 cm 440 3$aLe bussole ;$v321 504 $aIncludes bibliographical references 650 4$aLinguistica comparata 907 $a.b13791667$b02-04-14$c20-11-08 912 $a991004047699707536 945 $aLE025 ECO 417 FUS01.01$g1$i2025000221345$lle025$nProf. Guido$o-$pE10.00$q-$rl$s- $t0$u3$v0$w3$x0$y.i1489614x$z03-12-08 996 $aChe cos'è l'interlinguistica$9777455 997 $aUNISALENTO 998 $ale025$b20-11-08$cm$da $e-$fita$git $h0$i0